| 000 | 00500cam a2200181ua 4500 | ||
|---|---|---|---|
| 003 | OSt | ||
| 008 | 250106b |||||||| |||| 00| 0 eng d | ||
| 020 | _a81-224-0560 | ||
| 041 | _aeng | ||
| 082 |
_a621.3 _bKRI/EL |
||
| 100 |
_aKrishnamurthy, K A . _96802 |
||
| 245 | _aElectrical and electronic engineering for scientist and engineer / | ||
| 250 | _a1 / | ||
| 260 |
_aNew Delhi : _bNew Age International Ltd , _c1998. |
||
| 300 | _a386 ; . | ||
| 700 | 1 |
_aRaghuveer, M R . _96803 |
|
| 942 | _cBK | ||
| 999 |
_c10238 _d10238 |
||